000 00614nam a2200217 a 4500
001 61467
003 BD-RjUL
005 20211209080952.0
008 170118s1909 enk 000 0 eng
035 _a(BD-RjUL)61591
040 _aDLC
_cPBm
_dBD-RjUL
_beng
041 _aeng
082 _223
_a398.209595
_bFOL 1909
245 1 0 _aFolklore of the Santal Parganas :
_ctr. by Cecil Henry Bompas.
260 _aLondon :
_bD. Nutt,
_c1909.
300 _a483 p. ;
_c23 cm.
650 0 _aFolklore
_zIndia
_zSanthāl Pargana.
_9183209
700 _aBompas, Cecil Henry,
_9183210
942 _2ddc
_cBK
999 _c61467
_d61467